Same Length U.S. States And Capitals - Statistics

General Stats
  • This quiz has been taken 32 times
  • The average score is 6 of 9
Answer Stats
Length State / Capital % Correct
5 Idaho / Boise
85%
7 Arizona / Phoenix
73%
10 California / Sacramento
73%
7 Georgia / Atlanta
69%
6 Kansas / Topeka
69%
6 Alaska / Juneau
65%
8 Virginia / Richmond
58%
9 Tennessee / Nashville
50%
9 Minnesota / Saint Paul
46%
No matching quizzes found
Score Distribution
Percent of People with Each Score
Percentile by Number Answered
Your Score History
You have not taken this quiz